The Florida state constitution : a reference guide /

Bibliographic Details
Main Author: D'Alemberte, Talbot
Format: Book
Language:English
Published: New York : Greenwood Press, 1991.
Series:Reference guides to the state constitutions of the United States ; 5.
Subjects:

MARC

Tag First Indicator Second Indicator Subfields
LEADER 00000cam a2200000 a 4500
001 in00001111421
005 20160108093230.0
008 900703s1991 nyu b 001 0 eng
010 |a  90043375  
015 |a GB92-8295 
019 |a 26894441 
020 |a 0313263396 (alk. paper) 
035 |a (OCoLC)22112253 
035 |9 AFU2343AM 
040 |a DLC  |c DLC  |d UKM  |d TXA  |d UtOrBLW 
043 |a n-us-fl 
049 |a TXAM 
050 0 0 |a KFF401 1968.A6  |b D35 1991 
082 0 0 |a 342.759/023  |a 347.590223  |2 20 
100 1 |a D'Alemberte, Talbot. 
245 1 4 |a The Florida state constitution :  |b a reference guide /  |c Talbot D'Alemberte. 
264 1 |a New York :  |b Greenwood Press,  |c 1991. 
300 |a xv, 204 pages ;  |c 25 cm. 
336 |a text  |b txt  |2 rdacontent 
337 |a unmediated  |b n  |2 rdamedia 
338 |a volume  |b nc  |2 rdacarrier 
490 1 |a Reference guides to the state constitutions of the United States ;  |v no. 5 
504 |a Includes bibliographical references (pages [177]-190) and index. 
650 0 |a Constitutions  |z Florida. 
650 0 |a Constitutional law  |z Florida. 
830 0 |a Reference guides to the state constitutions of the United States ;  |v 5. 
999 |a MARS 
999 f f |s b8549029-4617-371e-a053-09d02df15507  |i d76ed81a-41ce-3a30-9883-d8db7d17947b  |t 0 
952 f f |p ric  |a Texas A&M University  |b Rellis Campus  |c Joint Library Facility  |d Remote Storage  |t 0  |e KFF401 1968.A6 D35 1991  |h Library of Congress classification  |i unmediated -- volume  |m A14816920126 
998 f f |a KFF401 1968.A6 D35 1991  |t 0  |l Remote Storage